000 00993nam a2200265Ia 4500
003 OSt
005 20220923211128.0
006 a|||||r|||| 00| 0
007 ta
008 220922b |||||||| |||| 00| 0 hin d
020 _a8185073007 (hbk)
_c100
024 _a353,587
037 _b1859, 08/03/2021, Bright Book Service
_cTextual
040 _aARTS
_cARTS
_bhin
041 _2hin
_ahin
082 _aO31:g, 152M9
100 _aसेठ, रवीन्द्र कुमार, ले.
245 0 _aतमिल का प्राचीन इतिहास
246 _aTamil kā prāchīn itihāsa
260 _aनई दिल्ली
_b साहित्य शोध संस्थान
_c1989
300 _a206पृ0
_ccm.
650 _aतमिल साहित्य
_9158544
942 _hO31:g, 152M9
_cTEXL
_2CC
999 _c295695
_d295695